Science Quiz

Random Science or Biology Quiz

Tetrapod Quiz Stats

 Plays Quiz not verified by Sporcle

Challenge
Share
Tweet
Embed
Score 0/82 Timer 20:00
0 Plays Today
Lecture Answer % Correct
Lecture 1Sarcopterygii
74.3%
Lecture 1Actinopterygii
65.7%
Lecture 1Tiktaalik
65.7%
Lecture 1Coelocanth
60%
Lecture 2Caecilians
57.1%
Lecture 3Basking
54.3%
Lecture 3Mucus Glands
52.9%
Lecture 3Ectothermy
50%
Lecture 1Ichthyostega & Acanthostega
48.6%
Lecture 2Common Frog, Pool Frog
47.1%
Lecture 2Common Toad, Natterjack
47.1%
Lecture 3Uric Acid
47.1%
Lecture 1Pectoral Girdle
45.7%
Lecture 2Matrotrophy
45.7%
Lecture 2Axolotl
45.7%
Lecture 1Polydactyl Limbs
42.9%
Lecture 2Palmate, Smooth, Great Crested
42.9%
Lecture 2Anura
41.4%
Lecture 4Amniotic Egg
41.4%
Lecture 4Diapsids
41.4%
Lecture 4Squamata
41.4%
Lecture 2Enigmatic Decline
38.6%
Lecture 3Sexual Dimorphism
38.6%
Lecture 4Amnion
38.6%
Lecture 4Anapsids
38.6%
Lecture 4Synapsids
38.6%
Lecture 4Archosaurs
38.6%
Lecture 4Tuataras
38.6%
Lecture Answer % Correct
Lecture 2Urodela
37.1%
Lecture 4Carapace
37.1%
Lecture 4Yolk Sac
35.7%
Lecture 4Plastron
35.7%
Lecture 5Sidewinding
35.7%
Lecture 1Panderichthys
34.3%
Lecture 2Spermatophores
34.3%
Lecture 3Cutaneous Respiration
34.3%
Lecture 4Allantois
34.3%
Lecture 1Eusthenopteron
32.9%
Lecture 2Paedomorphis
32.9%
Lecture 3Aposematic Colours
32.9%
Lecture 4Chorion
31.4%
Lecture 4Lepidosaurs
31.4%
Lecture 6Ornithischia
31.4%
Lecture 4Gastroliths
30%
Lecture 5Jacobson's Organ
30%
Lecture 6Saurischia
30%
Lecture 6Mesozoic
30%
Lecture 3Muscular or Flip
28.6%
Lecture 4Plesiosaurs & Ichthyosaurs
28.6%
Lecture 4Serpentes
28.6%
Lecture 2Annular Grooves
27.1%
Lecture 4Fenestra
27.1%
Lecture 4Parareptiles
27.1%
Lecture 6Deccan Traps
27.1%
Lecture 4Chelonians
25.7%
Lecture 510
25.7%
Lecture Answer % Correct
Lecture 5Lateral Undulation
25.7%
Lecture 6Sauropods
25.7%
Lecture 665Ma
25.7%
Lecture 2Vocal Sacs
24.3%
Lecture 5Secondary Palate
24.3%
Lecture 6Therapods
22.9%
Lecture 5Viscera
21.4%
Lecture 5Concertina
21.4%
Lecture 5Setae
21.4%
Lecture 4Cryptodires
20%
Lecture 4Pleurodires
20%
Lecture 6Chicxulub
20%
Lecture 3Mid-Dorsal Line
18.6%
Lecture 3Pre-pollical spine or Humeral spine
18.6%
Lecture 4Direct Development
18.6%
Lecture 5Cloacal Bursae
18.6%
Lecture 1Stegocephalians
17.1%
Lecture 4Labyrinthodonts
17.1%
Lecture 5Dermal Pressure Receptors
15.7%
Lecture 5Caudal Anatomy
15.7%
Lecture 6Inertial Homeothermy
15.7%
Lecture 2Lecithotrophy
14.3%
Lecture 5Pit Organs
14.3%
Lecture 6Crurotarsi
14.3%
Lecture 6Ornithodira
12.9%
Lecture 5Rectillinear
10%

You're not logged in!

Compare scores with friends on all Sporcle quizzes.
OR
Log In

You Might Also Like...

Show Comments

Extras

Top Quizzes Today


Score Distribution

Your Account Isn't Verified!

In order to create a playlist on Sporcle, you need to verify the email address you used during registration. Go to your Sporcle Settings to finish the process.

Report this User

Report this user for behavior that violates our Community Guidelines.

Details: